[Event "NOR-chT Elite 2324"]
[Site "Norway"]
[Date "2024.02.03"]
[Round "5.51"]
[White "Houska, Jovanka"]
[Black "Notkevich, Benjamin Arvola"]
[Result "0-1"]
[WhiteElo "2342"]
[BlackElo "2462"]
[PlyCount "104"]
[EventDate "2023.10.27"]
[EventType "team-tourn"]
[EventRounds "9"]
[EventCountry "NOR"]
[SourceTitle "CB16_2024"]
[SourceDate "2024.04.17"]
[SourceVersion "1"]
[SourceVersionDate "2024.04.17"]
[SourceQuality "1"]
[WhiteTeam "Bergens"]
[BlackTeam "Tromsoe"]
[WhiteTeamCountry "NOR"]
[BlackTeamCountry "NOR"]

1. d4 Nf6 2. Nf3 g6 3. b3 c5 4. dxc5 Qa5+ 5. Nbd2 Ne4 6. Bb2 Nc3 7. Qc1 Bg7 8. e3 Qxc5 9. Bd3 d5 10. 0-0 Bf5 11. Kh1 Nc6 12. a3 0-0 13. b4 Qd6 14. Bxf5 gxf5 15. Qe1 Rfc8 16. Nb3 Ne4 17. Bxg7 Kxg7 18. Rd1 Ne5 19. Nbd4 e6 20. Nxe5 Qxe5 21. f3 Nd6 22. Qh4 Nc4 23. Rd3 Qf6 24. Qxf6+ Kxf6 25. e4 f4 26. exd5 Ne3 27. Rc1 Nxd5 28. c4 a5 29. b5 Ne3 30. Ne2 Nxc4 31. Rdc3 Nd6 32. Nxf4 Rxc3 33. Rxc3 Nxb5 34. Rb3 Nd6 35. Rb6 Ra6 36. Rb3 b5 37. g4 Rc6 38. Kg2 a4 39. Rd3 Ke7 40. Re3 Rc2+ 41. Kg3 Nc4 42. Re4 Nxa3 43. Nd5+ Kd6 44. Ne3 Rc3 45. g5 Nc4 46. Ng4 a3 47. Rd4+ Kc5 48. Rd1 Ne3 49. Rd7 Nxg4 50. Rxf7 Ne5 51. Rxh7 Rxf3+ 52. Kg2 Rf4 0-1

[Event "NOR-chT Elite 2223"]
[Site "Norway"]
[Date "2023.03.05"]
[Round "9.41"]
[White "Notkevich, Benjamin Arvola"]
[Black "Pantzar, Milton"]
[Result "1-0"]
[WhiteElo "2474"]
[BlackElo "2466"]
[PlyCount "77"]
[EventDate "2022.11.11"]
[EventType "team-tourn"]
[EventRounds "9"]
[EventCountry "NOR"]
[SourceTitle "CBM 213 Extra"]
[Source "ChessBase"]
[SourceDate "2023.05.31"]
[SourceVersion "1"]
[SourceVersionDate "2023.05.31"]
[SourceQuality "1"]
[WhiteTeam "Tromsoe"]
[BlackTeam "Oslo SK 1911"]
[WhiteTeamCountry "NOR"]
[BlackTeamCountry "NOR"]

1. e4 Nc6 2. Nf3 d6 3. h3 Nf6 4. Nc3 e5 5. d4 exd4 6. Nxd4 Nxe4 7. Nxe4 Qe7 8. f3 d5 9. Bb5 Bd7 10. Bxc6 bxc6 11. 0-0 dxe4 12. Re1 0-0-0 13. Rxe4 Qb4 14. Nb3 Bf5 15. Qxd8+ Kxd8 16. Rxb4 Bxb4 17. c3 Bd6 18. Be3 a6 19. Kf2 h5 20. h4 f6 21. Na5 Bd7 22. Rd1 Kc8 23. b4 Rg8 24. a3 g5 25. Nc4 Be7 26. Rd4 g4 27. fxg4 Bxg4 28. Bf4 c5 29. Re4 Rg7 30. Ne3 cxb4 31. axb4 Bd8 32. Nxg4 Rxg4 33. g3 Rg7 34. Ke3 f5 35. Re5 Rf7 36. Bg5 Bxg5+ 37. hxg5 Kd8 38. Kf4 Rd7 39. g6 1-0

[Event "NOR-chT Elite 2122"]
[Site "Norway"]
[Date "2022.02.04"]
[Round "4.2"]
[White "Ostmoe, Geir S Tallaksen"]
[Black "Notkevich, Benjamin Arvola"]
[Result "1-0"]
[WhiteElo "2466"]
[BlackElo "2481"]
[PlyCount "115"]
[EventDate "2021.10.28"]
[EventType "team-tourn"]
[EventRounds "9"]
[EventCountry "NOR"]
[SourceTitle "EXT 2023"]
[Source "ChessBase"]
[SourceDate "2022.10.05"]
[SourceVersion "1"]
[SourceVersionDate "2022.10.05"]
[SourceQuality "1"]
[WhiteTeam "SOSS"]
[BlackTeam "Tromsoe"]
[WhiteTeamCountry "NOR"]
[BlackTeamCountry "NOR"]

1. d4 Nf6 2. Nf3 g6 3. Nbd2 d5 4. e3 Bg7 5. b4 0-0 6. c4 b6 7. Bb2 a5 8. b5 a4 9. Rc1 Bb7 10. Be2 c6 11. 0-0 dxc4 12. Bxc4 cxb5 13. Bxb5 Qd5 14. Bc4 Qa5 15. Bc3 Qf5 16. Rb1 Ne4 17. Nxe4 Bxe4 18. Rxb6 Rc8 19. Nd2 Rxc4 20. Nxc4 Qd5 21. Nd2 Bxg2 22. Re1 Nd7 23. Rb2 Nf6 24. Qe2 Rc8 25. Rb5 Qxa2 26. Kxg2 Rxc3 27. Ne4 Rc2 28. Rb8+ Bf8 29. Nxf6+ exf6 30. Qf3 Kg7 31. Reb1 a3 32. R1b6 Be7 33. Re8 Rb2 34. Rc6 Rb7 35. Rcc8 Qe6 36. Ra8 Rb5 37. Rg8+ Kh6 38. Qh3+ Qxh3+ 39. Kxh3 Rb2 40. Ra7 Bb4 41. Kg2 Kg5 42. Rb8 Kf5 43. Kf3 g5 44. e4+ Kg6 45. d5 f5 46. Rb6+ f6 47. e5 g4+ 48. Kg3 Kg5 49. h4+ gxh3 50. f4+ Kh5 51. Kxh3 Rb3+ 52. Kg2 Kg4 53. e6 Rb2+ 54. Kf1 h5 55. Rxa3 Rb1+ 56. Ke2 Rb2+ 57. Kd3 Rd2+ 58. Ke3 1-0

[Event "EU-chT 23rd"]
[Site "Terme Catez"]
[Date "2021.11.21"]
[Round "9.4"]
[White "Zilka, Stepan"]
[Black "Notkevich, Benjamin Arvola"]
[Result "1-0"]
[WhiteElo "2593"]
[BlackElo "2471"]
[PlyCount "87"]
[EventDate "2021.11.12"]
[EventType "team-swiss"]
[EventRounds "9"]
[EventCountry "SLO"]
[SourceTitle "CBM 205"]
[Source "ChessBase"]
[SourceDate "2021.12.31"]
[SourceVersion "1"]
[SourceVersionDate "2021.12.31"]
[SourceQuality "1"]
[WhiteTeam "Czech Republic"]
[BlackTeam "Norway"]
[WhiteTeamCountry "CZE"]
[BlackTeamCountry "NOR"]

1. d4 Nf6 2. c4 e6 3. Nc3 Bb4 4. Qc2 0-0 5. a3 Bxc3+ 6. Qxc3 d6 7. f3 d5 8. Bg5 c5 9. cxd5 cxd4 10. Qxd4 Nc6 11. Qh4 exd5 12. e3 Qb6 13. Rd1 Re8 14. Ne2 Qxb2 15. Bxf6 gxf6 16. Qg3+ Kh8 17. Qf4 Re6 18. Rxd5 Qxa3 19. Kf2 Qe7 20. Qh6 f5 21. Qf4 Re5 22. Nc3 f6 23. Bb5 Nb4 24. Rd4 a5 25. Ra1 Nc2 26. Rc1 Nxd4 27. exd4 Rxb5 28. Nxb5 Bd7 29. Nc7 Rc8 30. Nd5 Qf7 31. Rxc8+ Bxc8 32. Qd6 Kg7 33. Ne7 Qe8 34. Qc7 Qd7 35. Nxf5+ Kf7 36. Qxc8 Qxc8 37. Nd6+ Ke6 38. Nxc8 Kd5 39. Ke3 b5 40. Kd3 a4 41. Ne7+ Kd6 42. Nf5+ Kc6 43. Kc3 a3 44. Ne3 1-0

[Event "EU-chT 23rd"]
[Site "Terme Catez"]
[Date "2021.11.19"]
[Round "7.4"]
[White "Notkevich, Benjamin Arvola"]
[Black "Sanal, Vahap"]
[Result "0-1"]
[WhiteElo "2471"]
[BlackElo "2590"]
[PlyCount "72"]
[EventDate "2021.11.12"]
[EventType "team-swiss"]
[EventRounds "9"]
[EventCountry "SLO"]
[SourceTitle "CBM 205"]
[Source "ChessBase"]
[SourceDate "2021.12.31"]
[SourceVersion "1"]
[SourceVersionDate "2021.12.31"]
[SourceQuality "1"]
[WhiteTeam "Norway"]
[BlackTeam "Turkey"]
[WhiteTeamCountry "NOR"]
[BlackTeamCountry "TUR"]

1. d4 Nf6 2. c4 e6 3. g3 Bb4+ 4. Bd2 Bxd2+ 5. Qxd2 d5 6. Nf3 c6 7. Bg2 Nbd7 8. 0-0 b6 9. Nc3 0-0 10. Qc2 Ba6 11. Qa4 Bxc4 12. b3 Ne4 13. Rfc1 Nxc3 14. Rxc3 Bb5 15. Qb4 a5 16. Qd6 c5 17. e3 Qb8 18. Qf4 a4 19. Rac1 axb3 20. axb3 Be2 21. Qh4 Qd8 22. Qf4 Qb8 23. Qh4 h6 24. e4 Bxf3 25. Rxf3 cxd4 26. exd5 Ne5 27. dxe6 Nxf3+ 28. Bxf3 Ra7 29. exf7+ Kh8 30. Bh5 Qd6 31. Re1 g6 32. Bd1 Kg7 33. Qg4 Ra1 34. Re4 d3 35. Rf4 Qd5 36. Ra4 h5 0-1

[Event "FIDE World Cup Europe Hybrid Qual"]
[Site "Tornelo INT"]
[Date "2021.05.24"]
[Round "1.1"]
[White "Laznicka, Viktor"]
[Black "Notkevich, Benjamin Arvola"]
[Result "0-1"]
[WhiteElo "2647"]
[BlackElo "2466"]
[PlyCount "130"]
[EventDate "2021.05.24"]
[EventType "k.o."]
[EventRounds "3"]
[EventCountry "NET"]
[SourceTitle "CBM 202 Extra"]
[Source "ChessBase"]
[SourceDate "2021.07.31"]
[SourceVersion "1"]
[SourceVersionDate "2021.07.31"]
[SourceQuality "1"]

1. Nf3 Nf6 2. c4 g6 3. b3 Bg7 4. Bb2 0-0 5. g3 c5 6. Bg2 Nc6 7. 0-0 d6 8. d4 cxd4 9. Nxd4 Bd7 10. Nc3 Qa5 11. e3 Rfc8 12. h3 Rab8 13. a4 a6 14. Re1 Qd8 15. Qe2 Na5 16. Ra3 Qb6 17. Ba1 e5 18. Nc2 Bf8 19. Nd5 Nxd5 20. Bxd5 Qc7 21. Qf3 Be8 22. Bc3 Nc6 23. a5 Ne7 24. Nb4 Nxd5 25. Nxd5 Bc6 26. Rd1 Bxd5 27. Rxd5 Qc6 28. Qd1 b5 29. axb6 Rxb6 30. Qd3 Rcb8 31. Ba5 R6b7 32. Bd2 Rb6 33. Ba5 R6b7 34. h4 Qc8 35. Kg2 h5 36. b4 Qc6 37. e4 Be7 38. Rc3 Qa4 39. Rc1 Qa2 40. Qd2 Qxd2 41. Rxd2 Rc8 42. Rd5 f6 43. Kf3 Kf7 44. Ke3 Ke6 45. Kd3 f5 46. exf5+ gxf5 47. Kc3 Rbb8 48. Rdd1 e4 49. Kb3 Bf6 50. Ka4 Be5 51. Rc2 Rc6 52. Rdc1 Bd4 53. Rd2 Bg7 54. Rcc2 Be5 55. Rd1 Rcc8 56. c5 Rc6 57. Rdc1 d5 58. Bb6 d4 59. Ka5 d3 60. Rc4 Kd5 61. b5 axb5 62. Kxb5 Bc7 63. Rd4+ Kxd4 64. Kxc6 Bxb6 65. cxb6 Rc8+ 0-1

[Event "Fagernes op"]
[Site "Fagernes"]
[Date "2020.10.10"]
[Round "8"]
[White "Notkevich, Benjamin Arvola"]
[Black "Carlsson, Ludvig"]
[Result "1-0"]
[WhiteElo "2482"]
[BlackElo "2281"]
[PlyCount "59"]
[EventDate "2020.10.04"]
[EventType "swiss"]
[EventRounds "9"]
[EventCountry "NOR"]
[SourceTitle "EXT 2021"]
[Source "ChessBase"]
[SourceDate "2020.10.23"]
[SourceVersion "1"]
[SourceVersionDate "2020.10.23"]
[SourceQuality "1"]

1. e4 e5 2. Nf3 Nc6 3. Bb5 a6 4. Ba4 Nf6 5. 0-0 Be7 6. Re1 b5 7. Bb3 0-0 8. d4 Nxd4 9. Bxf7+ Rxf7 10. Nxe5 Rf8 11. Qxd4 Bb7 12. Nc3 c5 13. Qd3 b4 14. Nd5 Nxd5 15. exd5 Bd6 16. g3 Qc7 17. Nc4 Rf7 18. Be3 Raf8 19. Rad1 Rf5 20. Qe4 h6 21. b3 Kh8 22. Re2 Qb8 23. Bc1 R5f7 24. Bb2 Kg8 25. Rde1 Bc7 26. Qg6 Bxd5 27. Re7 Ba8 28. Qxg7+ Rxg7 29. Rxg7+ Kh8 30. Ree7 1-0

[Event "Fagernes op"]
[Site "Fagernes"]
[Date "2020.10.07"]
[Round "5"]
[White "Unneland, Mathias"]
[Black "Notkevich, Benjamin Arvola"]
[Result "1-0"]
[WhiteElo "2149"]
[BlackElo "2482"]
[PlyCount "67"]
[EventDate "2020.10.04"]
[EventType "swiss"]
[EventRounds "9"]
[EventCountry "NOR"]
[SourceTitle "EXT 2021"]
[Source "ChessBase"]
[SourceDate "2020.10.23"]
[SourceVersion "1"]
[SourceVersionDate "2020.10.23"]
[SourceQuality "1"]

1. d4 Nf6 2. c4 e6 3. Nf3 c5 4. d5 b5 5. dxe6 fxe6 6. cxb5 d5 7. Nc3 Nbd7 8. e4 d4 9. Na4 Bd6 10. Bd3 0-0 11. b4 Bb7 12. bxc5 Nxc5 13. Nxc5 Bxc5 14. 0-0 Bxe4 15. Bxe4 Nxe4 16. Qe2 Qd5 17. Re1 Nc3 18. Qxe6+ Qxe6 19. Rxe6 Rae8 20. Re5 Rxe5 21. Nxe5 d3 22. Nxd3 Rd8 23. Nb2 Bd4 24. Kf1 Rf8 25. f3 Re8 26. Nd3 Re2 27. a4 Rc2 28. Ra3 Kf7 29. Rb3 Bf6 30. a5 Ne2 31. Be3 Rc3 32. Rxc3 Nxc3 33. b6 axb6 34. axb6 1-0

[Event "Fagernes op"]
[Site "Fagernes"]
[Date "2020.10.04"]
[Round "1"]
[White "Brodtkorb, Lars Johan"]
[Black "Notkevich, Benjamin Arvola"]
[Result "0-1"]
[WhiteElo "2166"]
[BlackElo "2482"]
[PlyCount "66"]
[EventDate "2020.10.04"]
[EventType "swiss"]
[EventRounds "9"]
[EventCountry "NOR"]
[SourceTitle "EXT 2022"]
[Source "ChessBase"]
[SourceDate "2021.10.06"]
[SourceVersion "1"]
[SourceVersionDate "2021.10.06"]
[SourceQuality "1"]

1. d4 Nf6 2. c4 e6 3. Nc3 Bb4 4. f3 c5 5. d5 b5 6. e4 0-0 7. e5 Ne8 8. f4 exd5 9. cxd5 d6 10. Nf3 c4 11. a4 Nd7 12. Be2 Qb6 13. axb5 dxe5 14. fxe5 Nc7 15. Qd4 Qxd4 16. Nxd4 Nxd5 17. Bf3 Bb7 18. Nc6 Nxc3 19. Bd2 Nxe5 20. Nxe5 Bxf3 21. Nxf3 Rfe8+ 22. Kf1 Nd5 23. Bxb4 Nxb4 24. Ra4 Nd3 25. Rxc4 Rab8 26. Rd4 Nxb2 27. Rd5 Na4 28. Kf2 Nc3 29. Rd7 Ne4+ 30. Kf1 Rxb5 31. Rxa7 Rb1+ 32. Ne1 Ng3+ 33. hxg3 Rbxe1+ 0-1

[Event "Oslo Offerspill op"]
[Site "Oslo"]
[Date "2020.06.13"]
[Round "4"]
[White "Notkevich, Benjamin Arvola"]
[Black "Johansson, Linus"]
[Result "0-1"]
[WhiteElo "2476"]
[BlackElo "2476"]
[PlyCount "65"]
[EventDate "2020.06.10"]
[EventType "swiss"]
[EventRounds "9"]
[EventCountry "NOR"]
[SourceTitle "CBM 197 Extra"]
[Source "ChessBase"]
[SourceDate "2020.09.30"]
[SourceVersion "1"]
[SourceVersionDate "2020.09.30"]
[SourceQuality "1"]

1. d4 Nf6 2. c4 e6 3. Nc3 Bb4 4. f3 0-0 5. a3 Bxc3+ 6. bxc3 d6 7. e4 e5 8. Bd3 Nh5 9. Ne2 Qh4+ 10. g3 Qh3 11. Kf2 Nc6 12. Be3 Na5 13. Rb1 b6 14. g4 Bxg4 15. Ng3 Bc8 16. Qd2 h6 17. Rbg1 Kh7 18. Ke1 Ba6 19. Nf5 Nxc4 20. Bxc4 Bxc4 21. Qf2 exd4 22. cxd4 Be6 23. Nxg7 Nxg7 24. Rg3 Qh5 25. Rhg1 Nf5 26. exf5 Bxf5 27. Rg5 hxg5 28. Rxg5 Qh3 29. Rg3 Qh5 30. Rg5 Qh6 31. Rxf5 Rae8 32. f4 Qh3 33. Qe2 0-1

[Event "Oslo Offerspill op"]
[Site "Oslo"]
[Date "2020.06.10"]
[Round "7"]
[White "Mihajlov, Sebastian"]
[Black "Notkevich, Benjamin Arvola"]
[Result "0-1"]
[WhiteElo "2389"]
[BlackElo "2476"]
[PlyCount "68"]
[EventDate "2020.06.10"]
[EventType "swiss"]
[EventRounds "9"]
[EventCountry "NOR"]
[SourceTitle "CBM 197 Extra"]
[Source "ChessBase"]
[SourceDate "2020.09.30"]
[SourceVersion "1"]
[SourceVersionDate "2020.09.30"]
[SourceQuality "1"]

1. e4 e6 2. d4 d5 3. Nc3 Bb4 4. Nge2 dxe4 5. a3 Be7 6. Nxe4 Nf6 7. Nxf6+ Bxf6 8. Be3 0-0 9. Qd3 b6 10. 0-0-0 Bb7 11. Rg1 Nd7 12. g4 Rc8 13. g5 Be7 14. Bg2 Bxg2 15. Rxg2 b5 16. d5 e5 17. Qxb5 Rb8 18. Qc6 f5 19. f4 Bd6 20. fxe5 Nxe5 21. Qc3 Qe7 22. Bf4 Ng4 23. h3 Qe4 24. Bxd6 cxd6 25. Rgg1 Rfc8 26. Qd3 Nf2 27. Qxe4 fxe4 28. Rd4 Nd3+ 29. Kd2 Rxb2 30. Rxe4 Nf2 31. Re3 Rcxc2+ 32. Ke1 Nxh3 33. Rxh3 Rxe2+ 34. Kd1 Rg2 0-1

[Event "Oslo Offerspill op"]
[Site "Oslo"]
[Date "2020.06.10"]
[Round "1"]
[White "Risting, Eivind Olav"]
[Black "Notkevich, Benjamin Arvola"]
[Result "0-1"]
[WhiteElo "2300"]
[BlackElo "2476"]
[PlyCount "96"]
[EventDate "2020.06.10"]
[EventType "swiss"]
[EventRounds "9"]
[EventCountry "NOR"]
[SourceTitle "CBM 197 Extra"]
[Source "ChessBase"]
[SourceDate "2020.09.30"]
[SourceVersion "1"]
[SourceVersionDate "2020.09.30"]
[SourceQuality "1"]

1. d4 Nf6 2. c4 e6 3. Nc3 d5 4. cxd5 Nxd5 5. e4 Nxc3 6. bxc3 c5 7. Nf3 cxd4 8. cxd4 Bb4+ 9. Bd2 Bxd2+ 10. Qxd2 0-0 11. Bc4 b6 12. 0-0 Nd7 13. Rfe1 Bb7 14. Bb3 Rc8 15. Rad1 Re8 16. h3 Nf6 17. Qf4 Qc7 18. Qh4 h6 19. Re3 Qe7 20. Qf4 b5 21. g4 a5 22. a4 bxa4 23. Bxa4 Red8 24. Bb5 Qc7 25. Qxc7 Rxc7 26. Bd3 a4 27. Bb1 Rc4 28. d5 exd5 29. e5 Ne8 30. Nd4 Rdc8 31. Nf5 Rc1 32. Ree1 Rxd1 33. Rxd1 Kf8 34. Ba2 Rc5 35. Rb1 Bc6 36. Nd4 Bd7 37. Rb7 Ke7 38. f4 Nc7 39. f5 Nb5 40. Nxb5 Rxb5 41. Rxb5 Bxb5 42. Bxd5 Bd3 43. Kf2 Bb1 44. Ke3 a3 45. h4 a2 46. Bxa2 Bxa2 47. Kf4 Bb1 48. g5 h5 0-1

[Event "Kragero op"]
[Site "Kragero"]
[Date "2020.02.23"]
[Round "9"]
[White "Notkevich, Benjamin Arvola"]
[Black "Postny, Evgeny"]
[Result "0-1"]
[WhiteElo "2495"]
[BlackElo "2611"]
[PlyCount "96"]
[EventDate "2020.02.19"]
[EventType "swiss"]
[EventRounds "9"]
[EventCountry "NOR"]
[SourceTitle "CBM 195 Extra"]
[Source "ChessBase"]
[SourceDate "2020.05.31"]
[SourceVersion "1"]
[SourceVersionDate "2020.05.31"]
[SourceQuality "1"]

1. e4 e5 2. Nf3 Nc6 3. d4 exd4 4. Bc4 Nf6 5. e5 d5 6. Bb5 Nd7 7. 0-0 Be7 8. Bxc6 bxc6 9. Nxd4 Nb8 10. Nc3 0-0 11. Qf3 Re8 12. Bf4 Bf8 13. Rad1 Qd7 14. Rfe1 a5 15. h3 a4 16. Qg3 Bb7 17. e6 fxe6 18. Bxc7 c5 19. Nf3 Qc6 20. Bf4 Nd7 21. Ne5 Nxe5 22. Bxe5 Re7 23. Ne2 Rf7 24. Nf4 Rf5 25. Qg4 Qd7 26. Rd3 Qf7 27. c3 Re8 28. Rde3 h6 29. h4 Kh7 30. Rg3 Rd8 31. h5 Bc8 32. Ng6 Bd6 33. Qh4 Rd7 34. Qxa4 Rxh5 35. Qa8 Qe8 36. Bxd6 Rxd6 37. Qa7 e5 38. Nf4 Rg5 39. Qxc5 Qd8 40. Rxg5 hxg5 41. Nd3 e4 42. Ne5 Qf6 43. Nf7 Re6 44. Nxg5+ Qxg5 45. Qxc8 Rg6 46. g3 Rh6 47. Qe8 Qf5 48. f4 Qg4 0-1

[Event "Kragero op"]
[Site "Kragero"]
[Date "2020.02.22"]
[Round "8"]
[White "Mikalsen, Erlend"]
[Black "Notkevich, Benjamin Arvola"]
[Result "1/2-1/2"]
[WhiteElo "2364"]
[BlackElo "2495"]
[PlyCount "88"]
[EventDate "2020.02.19"]
[EventType "swiss"]
[EventRounds "9"]
[EventCountry "NOR"]
[SourceTitle "CBM 195 Extra"]
[Source "ChessBase"]
[SourceDate "2020.05.31"]
[SourceVersion "1"]
[SourceVersionDate "2020.05.31"]
[SourceQuality "1"]

1. e4 e5 2. Nc3 Nf6 3. Bc4 Nxe4 4. Qh5 Nd6 5. Bb3 Be7 6. Qxe5 0-0 7. d4 c6 8. Nf3 Ne8 9. d5 d6 10. Qf4 Nd7 11. Be3 Ndf6 12. h3 Nc7 13. dxc6 bxc6 14. Nd4 Qd7 15. 0-0-0 Ne6 16. Qf3 Nxd4 17. Bxd4 d5 18. Rhe1 Qb7 19. g4 Be6 20. Qg2 Qc7 21. Kb1 Nd7 22. Be3 Bb4 23. f4 Bxc3 24. bxc3 Nf6 25. f5 Bd7 26. Bd4 Ne4 27. c4 Rab8 28. Bb2 Rfe8 29. cxd5 cxd5 30. Rxd5 Nc3+ 31. Bxc3 Qxc3 32. Rxe8+ Rxe8 33. Rd1 Bc6 34. Qf1 Be4 35. Qb5 Rc8 36. Qa4 Qf3 37. Qd7 Bxc2+ 38. Bxc2 Rb8+ 39. Bb3 Rxb3+ 40. axb3 Qxb3+ 41. Kc1 Qc3+ 42. Kb1 Qb3+ 43. Kc1 Qc3+ 44. Kb1 Qb3+ 1/2-1/2

[Event "Kragero op"]
[Site "Kragero"]
[Date "2020.02.21"]
[Round "6"]
[White "Nordquelle, Daniel"]
[Black "Notkevich, Benjamin Arvola"]
[Result "0-1"]
[WhiteElo "2242"]
[BlackElo "2495"]
[PlyCount "90"]
[EventDate "2020.02.19"]
[EventType "swiss"]
[EventRounds "9"]
[EventCountry "NOR"]
[SourceTitle "CBM 195 Extra"]
[Source "ChessBase"]
[SourceDate "2020.05.31"]
[SourceVersion "1"]
[SourceVersionDate "2020.05.31"]
[SourceQuality "1"]

1. e4 e6 2. d4 d5 3. Nc3 Bb4 4. exd5 exd5 5. Bd3 Nf6 6. Nge2 0-0 7. 0-0 c6 8. a3 Bd6 9. Bf4 Bg4 10. Qd2 Bh5 11. Bxd6 Qxd6 12. Nf4 Bg6 13. Nxg6 hxg6 14. f3 Nbd7 15. Rae1 Nh5 16. g3 Rfe8 17. Rxe8+ Rxe8 18. Re1 Rxe1+ 19. Qxe1 Nf8 20. Qe3 Nf6 21. Ne2 Qd8 22. c3 Ne8 23. Nf4 Nd6 24. Kg2 Nc4 25. Bxc4 dxc4 26. d5 g5 27. Nh3 g4 28. Nf4 gxf3+ 29. Qxf3 cxd5 30. Qxd5 Qb6 31. Qd2 Qb5 32. Qe2 Qc6+ 33. Qf3 Qb5 34. Qe2 Nh7 35. Kf1 Nf6 36. Ke1 Qf5 37. Qd2 Qb1+ 38. Ke2 Qh1 39. Ke3 b6 40. Qg2 Ng4+ 41. Ke2 Qb1 42. Kf3 Ne5+ 43. Ke3 g5 44. Ne2 Ng4+ 45. Kf3 f5 0-1

[Event "NOR-chT Elite 1920"]
[Site "Norway"]
[Date "2019.12.07"]
[Round "2.4"]
[White "Haldorsen, Benjamin"]
[Black "Notkevich, Benjamin Arvola"]
[Result "1/2-1/2"]
[WhiteElo "2443"]
[BlackElo "2494"]
[PlyCount "59"]
[EventDate "2019.11.01"]
[EventType "team-tourn"]
[EventRounds "9"]
[EventCountry "NOR"]
[SourceTitle "CBM 194 Extra"]
[Source "ChessBase"]
[SourceDate "2020.03.31"]
[SourceVersion "1"]
[SourceVersionDate "2020.03.31"]
[SourceQuality "1"]
[WhiteTeam "Bergens"]
[BlackTeam "Tromsoe"]
[WhiteTeamCountry "NOR"]
[BlackTeamCountry "NOR"]

1. e4 c5 2. Nc3 d6 3. d4 cxd4 4. Qxd4 Nc6 5. Qd2 Nf6 6. b3 e5 7. Bb2 Be7 8. 0-0-0 Be6 9. Kb1 0-0 10. Nge2 Qb6 11. f3 d5 12. Nxd5 Bxd5 13. exd5 Nxd5 14. Nc3 Nxc3+ 15. Qxc3 Rac8 16. Bd3 Bb4 17. Qc4 Nd4 18. Qd5 Rc5 19. Qe4 f5 20. Qe3 Kh8 21. g4 Qa5 22. gxf5 Bc3 23. Bxc3 Qxc3 24. Qd2 Qxd2 25. Rxd2 Nxf3 26. Rf2 Nd4 27. Re1 a5 28. Kb2 g6 29. f6 Ne6 30. Rfe2 1/2-1/2

[Event "EU-chT 22nd"]
[Site "Batumi"]
[Date "2019.11.02"]
[Round "9.4"]
[White "Koykka, Pekka"]
[Black "Notkevich, Benjamin Arvola"]
[Result "0-1"]
[WhiteElo "2381"]
[BlackElo "2494"]
[PlyCount "102"]
[EventDate "2019.10.24"]
[EventType "team-swiss"]
[EventRounds "9"]
[EventCountry "GEO"]
[SourceTitle "CBM 193"]
[Source "ChessBase"]
[SourceDate "2019.12.31"]
[SourceVersion "1"]
[SourceVersionDate "2019.12.31"]
[SourceQuality "1"]
[WhiteTeam "Finland"]
[BlackTeam "Norway"]
[WhiteTeamCountry "FIN"]
[BlackTeamCountry "NOR"]

1. d4 d5 2. c4 c6 3. cxd5 cxd5 4. Bg5 h6 5. Bh4 Qb6 6. Nc3 e6 7. Qd2 Be7 8. Bxe7 Nxe7 9. e3 0-0 10. Bd3 Bd7 11. f4 Bc6 12. Nf3 Nd7 13. g4 Nf6 14. Ne5 Ne4 15. Nxe4 dxe4 16. Nxc6 Qxc6 17. Rc1 Qd5 18. Rc5 Qxa2 19. Bxe4 b6 20. Rc3 Nd5 21. Ra3 Qc4 22. Kf2 Rfc8 23. Raa1 a5 24. Rhc1 Qb3 25. Bc2 Qb5 26. Ba4 Qa6 27. Qe2 Qb7 28. Bb5 Nf6 29. Qf3 Qe7 30. Bc6 Ra7 31. Rc4 Rac7 32. Rac1 g6 33. h3 Qd6 34. Kg3 Kg7 35. R1c3 Ng8 36. Qe4 Ne7 37. Bb5 Nd5 38. Rc1 g5 39. Kf3 Rxc4 40. Rxc4 Rxc4 41. Bxc4 Nf6 42. Qd3 Qc6+ 43. Kf2 Qh1 44. Qf1 Qh2+ 45. Kf3 Qxb2 46. fxg5 hxg5 47. h4 gxh4 48. g5 Nh7 49. Bd3 Nxg5+ 50. Kg4 h3 51. Be2 f6 0-1

[Event "EU-chT 22nd"]
[Site "Batumi"]
[Date "2019.10.24"]
[Round "1.5"]
[White "Martirosyan, Haik M"]
[Black "Notkevich, Benjamin Arvola"]
[Result "1-0"]
[WhiteElo "2607"]
[BlackElo "2494"]
[PlyCount "91"]
[EventDate "2019.10.24"]
[EventType "team-swiss"]
[EventRounds "9"]
[EventCountry "GEO"]
[SourceTitle "CBM 193"]
[Source "ChessBase"]
[SourceDate "2019.12.31"]
[SourceVersion "1"]
[SourceVersionDate "2019.12.31"]
[SourceQuality "1"]
[WhiteTeam "Armenia"]
[BlackTeam "Norway"]
[WhiteTeamCountry "ARM"]
[BlackTeamCountry "NOR"]

1. d4 Nf6 2. Nf3 e6 3. c4 d5 4. Nc3 c5 5. cxd5 Nxd5 6. e4 Nxc3 7. bxc3 cxd4 8. cxd4 Bb4+ 9. Bd2 Bxd2+ 10. Qxd2 0-0 11. Bc4 Nd7 12. 0-0 b6 13. Rad1 Bb7 14. Rfe1 Rc8 15. Bb3 Re8 16. h3 Nf6 17. Qf4 Qc7 18. Qh4 h6 19. d5 exd5 20. e5 Ne4 21. Bxd5 Bxd5 22. Rxd5 Nc3 23. Rd4 Nxa2 24. Rg4 Re6 25. Qg3 f5 26. Rg6 Qf7 27. Rxe6 Qxe6 28. Nd4 Qd7 29. Qg6 Rc1 30. Rxc1 Nxc1 31. Nxf5 Ne2+ 32. Kh2 Nf4 33. Qg4 Ne6 34. Nxg7 Qxg7 35. Qxe6+ Qf7 36. Qc8+ Kh7 37. Kg1 Qe7 38. f4 a5 39. Qc2+ Kg7 40. Qe4 b5 41. f5 Qc5+ 42. Kh2 a4 43. f6+ Kf7 44. Qh7+ Ke6 45. Qg8+ Kd7 46. e6+ 1-0

[Event "Hell op"]
[Site "Hell"]
[Date "2019.08.11"]
[Round "10"]
[White "Notkevich, Benjamin Arvola"]
[Black "Das, Arghyadip"]
[Result "0-1"]
[WhiteElo "2510"]
[BlackElo "2447"]
[PlyCount "112"]
[EventDate "2019.08.03"]
[EventType "swiss"]
[EventRounds "10"]
[EventCountry "NOR"]
[SourceTitle "CBM 191 Extra"]
[Source "ChessBase"]
[SourceDate "2019.09.30"]
[SourceVersion "1"]
[SourceVersionDate "2019.09.30"]
[SourceQuality "1"]

1. d4 e6 2. c4 d5 3. Nc3 c6 4. Nf3 dxc4 5. e3 b5 6. a4 Bb4 7. Bd2 a5 8. axb5 Bxc3 9. Bxc3 cxb5 10. b3 Bb7 11. bxc4 b4 12. Bb2 Nf6 13. c5 0-0 14. Bb5 Qc7 15. Ne5 Nc6 16. Ng4 Nxg4 17. Qxg4 Na7 18. Bc4 Bd5 19. Bxd5 exd5 20. 0-0 Nc6 21. Ra4 Rae8 22. Qf5 Qd8 23. Re1 Re6 24. f3 Rfe8 25. Qd3 Qd7 26. Raa1 g6 27. Qb3 f5 28. Re2 R6e7 29. Rae1 Kf8 30. Kh1 Nd8 31. h3 Ne6 32. Ra1 Qb5 33. Ree1 Nc7 34. Bc1 Qc4 35. Qb2 Nb5 36. Rxa5 Nxd4 37. Rd1 Ne2 38. Qh8+ Kf7 39. Qxh7+ Kf6 40. Bb2+ Nc3 41. Qh6 Rxe3 42. Ra7 R3e7 43. Rda1 Qxc5 44. R1a6+ Ke5 45. Rxe7+ Rxe7 46. Bc1 Kd4 47. Rxg6 Kd3 48. Kh2 Re2 49. Qg5 Kc2 50. Bf4 d4 51. Rf6 d3 52. Rxf5 Qf2 53. h4 d2 54. Bxd2 Rxd2 55. Rc5 b3 56. Qg6+ Rd3 0-1